000 00863cas a22002657a 4500
005 20220329142305.0
008 000516u br zr pernn 0 b1por d
010 _a81146
011 _a82118
035 _a92604
245 0 0 _aCiencia zootécnica-Jaboticabal
_c/por Faculdade de Ciencias Agrarias e Veterinarias
260 0 _aJabotical, SP :
_bFaculdade de Ciencias Agrarias e Veterinarias,
_c19-
300 _av.
310 _aSemestral
362 _av.6 n.2
590 _aBATCH-UPD
_b10
_c20130110
_lUCH01
_h0757
590 _aBATCH-UPD
_b10
_c20130410
_lUCH01
_h0436
590 _aBATCH-UPD
_b10
_c20130914
_lUCH01
_h1502
590 _aCONVERSION
_b10
_c20130109
_lUCH01
_h1345
650 1 4 _aGanadería
_xPublicaciones periódicas.
_944837
866 _av.4 n.1-2 (1989)
866 _av.6 n.1-2 (1991)
901 _aSE
905 _aLilia Sánchez G.
999 _c81146
_d81146